| 000 | 02231nam a2200517 i 4500 | ||
|---|---|---|---|
| 001 | 31854 | ||
| 003 | KOSZ 005 | ||
| 005 | 20200511092538.0 | ||
| 008 | 200511s1997 pl a f f 000 0 pol | ||
| 015 | _aPB 2011/2927 | ||
| 020 | _a8390069886 | ||
| 035 | _a(PL-WaBN)b25287813-48omnis_nlop | ||
| 035 | _ab25287813 | ||
| 035 | _a(OCoLC)837377356 | ||
| 035 | _a(PL)b0000025287813 | ||
| 040 |
_aWA N _cWA N _dKOSZ 005/HR _dKOSZ 005/RW |
||
| 046 | _k1995 | ||
| 080 | _a339.138 | ||
| 080 | _a(075.8) | ||
| 245 | 0 | 0 |
_aPodstawy marketingu : _bpraca zbiorowa / _cpod redakcją Jerzego Altkorna ; autorzy Jerzy Altkorn [et al.]. |
| 250 | _aWydanie 3. zmienione i poszerzone. | ||
| 260 |
_aKraków : _bInstytut Marketingu, _c1997. |
||
| 300 |
_a436 stron : _bilustracje ; _c21 cm. |
||
| 336 |
_aTekst _btxt _2rdacontent |
||
| 337 |
_aBez urządżenia pośredniczącego _bn _2rdamedia |
||
| 338 |
_aWolumin _bnc _2rdacarrier |
||
| 380 | _aKsiążki | ||
| 380 | _aPublikacje dydaktyczne | ||
| 385 |
_mPoziom nauczania _aSzkoły wyższe |
||
| 388 | _a1901-2000 | ||
| 388 | _a1989-2000 | ||
| 504 | _aBibliografia na stronach [429]-436. | ||
| 521 | 8 | _aKsiążka niniejsza jest podręcznikiem akademickim, napisanym przede wszystkim z myślą o słuchaczach wyższych szkół ekonomicznych. Odbiorcami książki mogą być także osoby, które prowadzą różnorodną działalność gospodarczą, zajmują kierownicze stanowiska w przedsiębiorstwach, pełnią funkcję przedstawicieli i agentów firm krajowych i zagranicznych lub po prostu interesują się regułami działania przedsiębiorstw w rynkowym otoczeniu. | |
| 650 | 7 |
_aMarketing _2DBN |
|
| 655 | 7 |
_aPodręczniki akademickie _2DBN |
|
| 658 | _aZarządzanie i marketing | ||
| 700 | 1 |
_aAltkorn, Jerzy _d(1931-2004) _eAutor _eRedakcja |
|
| 700 | 1 |
_aCzubała, Anna _d(1943- ) _eAutor |
|
| 700 | 1 |
_aNiestrój, Roman _d(1944- ) _eAutor |
|
| 700 | 1 |
_aRawski, Marek _eAutor |
|
| 700 | 1 |
_aSzumilak, Jan _d(1941-2017) _eAutor |
|
| 700 | 1 |
_aWiktor, Jan W. _eAutor |
|
| 856 |
_uhttp://koha.tu.koszalin.pl/cgi-bin/koha/opac-detail.pl?biblionumber=31854 _yKatalog online BPK |
||
| 942 |
_2UKD _cKS |
||
| 999 |
_c31854 _d31854 |
||